1592 1186 1547 1300 1793 1513 1307 1911 1489 1036 1598 1924 1149 1338 1785 1594 1620 1200 1235 1789 1764 1026 1971 1481 1664 1930 1282 1528 1389 1684 1621 1551 1058 1408 1251 1322 1498 1087 1285 1929 1084 1209 1711 1799 1603 1274 1762 1466 1576 1114 1070 1844 1785 1036 1498 1017 1823 1951 1964 1633 1233 1792 1732 1815 1131 1136 1365 1770 1910 1218 1772 1992 1463 1128 1693 1994 1667 1921 1042 1707 1664 1374 1823 1178 1951 1140 1633 1318 1074 1522 1206 1693 1300 1272 1348 1516 1823 1041 1034 BCNSPRNW ULIB Ver.6.0+V

เปลี่ยนเป็นภาษาไทย

Change to English
 แสดงรายละเอียดบรรณานุกรม
  กลับหน้าหลัก

Brief Record : Get Marc (ISO 2709) : E-mail record : QR code < ปิดหน้าต่าง
LEADER : 00000nam 2200000uu 4500
001    13399108017
003     ULIB
008    110215s2552||||th 000 0 tha d
060  4 WY160.5^bส837ก 2552
100 0  สุภา ยิ่งยงเมธี
245 00 การพยาบาลผู้ป่วยภาวะความดันในกะโหลกศีรษะสูง/^cสุภา ยิ่งยงเมธี
260    นครสวรรค์:^bวิทยาลัยพยาบาลบรมราชชนนี สวรรค์ประชารักษ์ นครสวรรค์.^c2552
300    91 หน้า
650  7 ความดันกะโหลกศีรษะสูง^xการพยาบาล
650  7 ระบบประสาท^xการพยาบาล
710 2  กระทรวงสาธารณสุข^bสถาบันพระบรมราชชนก^bวิทยาลัยพยาบาลบรมราชชนนี สวรรค์ประชารักษ์ นครสวรรค์
945    ^p0^l0^i026651
995    ทศพร
999 ^a ใช้งานได้ทุกระบบ
รายการนี้ยังไม่มีแท็ก
คุณยังไม่ได้ล็อกอิน คุณสามารถมีกิจกรรมร่วมกับเว็บไซต์ได้ แต่ต้องล็อกอินก่อน ::
  ล็อกอิน

รายการสื่อสารสนเทศ

ลำดับที่ ประเภท เลขเรียก/บาร์โค้ด สถานที่ สถานะ
- ไม่พบข้อมูล -

รายการใกล้เคียง
    ผู้แต่ง [สุภา ยิ่งยงเมธี]

BibComment


ยังไม่เคยถูกคอมเมนท์

คอมเมนท์ทรัพยากรรายการนี้
  คอมเมนท์: การพยาบาลผู้ป่วยภ..


 Copyright 2026. Bcnsprnw @Library